[Event "World Rapid 2017"]
[Site "Riyadh KSA"]
[Date "2017.12.27"]
[Round "9.54"]
[White "Saeed, Ishaq"]
[Black "Tregubov, Pavel V."]
[Result "0-1"]
[WhiteTitle "FM"]
[BlackTitle "GM"]
[WhiteElo "2434"]
[BlackElo "2575"]
[WhiteFideId "9301453"]
[BlackFideId "4115341"]
[EventDate "2017.12.26"]

1. d4 Nf6 2. c4 e6 3. Nf3 c5 4. d5 b5 5. Bg5 b4 6. e4 d6 7. Nbd2 Be7 8. Bd3 e5
9. h3 Nxd5 10. exd5 Bxg5 11. Ne4 Be7 12. g4 Nd7 13. g5 Nf8 14. a3 bxa3 15. b4
cxb4 16. c5 Ng6 17. Qa4+ Kf8 18. cxd6 Bxd6 19. Qc6 Bf5 20. Nxd6 Bxd3 21. Qb7 Ne7
22. Nxe5 Bg6 23. Qxb4 Kg8 24. Rxa3 h6 25. Qc5 hxg5 26. Rg1 Rh5 27. Nc6 Nxc6 28.
Qxc6 Rb8 29. Rxa7 Rxh3 30. Rb7 Ra8 31. Kf1 Rh2 32. Nc4 Ra1+ 33. Ke2 Rxg1 34. d6
Kh7 35. Ne5 Qf6 36. Qc5 Bh5+ 37. Kd3 Rd1+ 38. Kc2 Qxf2+ 39. Qxf2 Rxf2+ 40. Kc3
Rxd6 0-1

[Event "World Rapid 2017"]
[Site "Riyadh KSA"]
[Date "2017.12.27"]
[Round "9.55"]
[White "Ibrahimov, Rasul"]
[Black "Lodhi, Mahmood"]
[Result "1/2-1/2"]
[WhiteTitle "GM"]
[BlackTitle "IM"]
[WhiteElo "2518"]
[BlackElo "2347"]
[WhiteFideId "13400495"]
[BlackFideId "7800010"]
[EventDate "2017.12.26"]

1. Nf3 Nf6 2. c4 g6 3. Nc3 Bg7 4. e4 d6 5. d4 O-O 6. Be2 Nc6 7. Be3 e5 8. d5 Ne7
9. Nd2 a5 10. c5 Ne8 11. O-O f5 12. cxd6 Nxd6 13. f3 b6 14. Rc1 Bd7 15. Nc4 Nec8
16. Na3 Na7 17. Nc4 Nac8 18. a4 Nxc4 19. Bxc4 Nd6 20. Bd3 Rf7 21. Bb5 Nxb5 22.
Nxb5 Bxb5 23. axb5 Bf8 24. exf5 gxf5 25. f4 e4 26. Rc6 Bd6 27. Bd4 Qh4 28. Qd2
Rd8 29. Kh1 Rfd7 30. Qe3 Be7 31. Be5 Rxd5 32. Rxc7 Rd1 33. Qb3+ R1d5 34. Rc8
Rxc8 35. Qxd5+ Kf8 36. Qe6 Rc2 37. Qxf5+ Ke8 38. Qxe4 Qf2 39. Rg1 Re2 40. Qc6+
Kf8 41. h3 Bc5 42. Bd6+ Bxd6 43. Qxd6+ Kg7 44. b3 Re4 45. Rc1 Rxf4 46. Qe5+ Rf6
47. Rc6 Qf1+ 48. Kh2 Qf4+ 49. Qxf4 Rxf4 50. Rxb6 Rb4 51. Kg3 Rxb3+ 52. Kh4 a4
53. g4 a3 54. Ra6 Rxb5 55. Rxa3 Rb7 56. Ra5 Rb6 57. Kg5 Rg6+ 58. Kf4 Rf6+ 59.
Rf5 Rh6 60. Kg3 Ra6 61. h4 Ra3+ 62. Rf3 Ra4 63. Rb3 Ra7 64. Rb5 h6 65. h5 Ra3+
66. Kf4 Ra1 67. Rb7+ Kf6 68. Rh7 Rf1+ 69. Kg3 Rg1+ 70. Kf4 Rf1+ 71. Kg3 Rg1+ 72.
Kf3 Kg5 73. Rg7+ Kh4 74. Kf4 Rf1+ 75. Ke5 Rf8 76. Rg6 Rf1 77. Ke6 Rf4 78. Rxh6
Kxg4 79. Rh8 Kg5 80. Ke5 1/2-1/2

[Event "World Rapid 2017"]
[Site "Riyadh KSA"]
[Date "2017.12.27"]
[Round "9.56"]
[White "Al-Saffar, Araz Basim Mohammed S"]
[Black "Al-Hajiri, Bader"]
[Result "1-0"]
[WhiteTitle "IM"]
[BlackTitle "FM"]
[WhiteElo "2368"]
[BlackElo "2165"]
[WhiteFideId "4801040"]
[BlackFideId "10300163"]
[EventDate "2017.12.26"]

1. d4 d5 2. c4 e6 3. Nc3 Nf6 4. cxd5 exd5 5. Bg5 c6 6. Qc2 Be7 7. e3 O-O 8. Bd3
h6 9. Bh4 Nbd7 10. Nge2 Re8 11. O-O Nf8 12. Rab1 a5 13. a3 b5 14. a4 b4 15. Na2
Bd7 16. Bxf6 Bxf6 17. Nac1 Ne6 18. Nb3 Be7 19. Bf5 c5 20. Bxe6 Bxe6 21. Nxc5 Rc8
22. Rbc1 Qb6 23. Nf4 b3 24. Qc3 Bxc5 25. dxc5 Qb4 26. Qxb4 axb4 27. Ne2 Ra8 28.
Ra1 Ra5 29. Rfc1 Rea8 30. Nd4 Rxa4 31. Nxb3 Kf8 32. Kf1 Ke7 33. Rxa4 Rxa4 34.
Ra1 Rxa1+ 35. Nxa1 Kd7 36. Nb3 Kc6 37. Ke2 Bc8 38. Kd3 Ba6+ 39. Kd4 Bc4 40. Na5+
Kb5 41. Nxc4 dxc4 42. c6 c3 43. bxc3 b3 44. c7 1-0

[Event "World Rapid 2017"]
[Site "Riyadh KSA"]
[Date "2017.12.27"]
[Round "9.57"]
[White "Minko, Vladimir"]
[Black "El Adnani, Mokliss"]
[Result "0-1"]
[WhiteTitle "IM"]
[BlackTitle "IM"]
[WhiteElo "2381"]
[BlackElo "2448"]
[WhiteFideId "24146706"]
[BlackFideId "9000410"]
[EventDate "2017.12.26"]

1. d4 Nf6 2. c4 g6 3. Nf3 Bg7 4. g3 O-O 5. Bg2 d5 6. cxd5 Nxd5 7. O-O Nb6 8. Nc3
Nc6 9. e3 Re8 10. Nh4 e5 11. d5 Na5 12. e4 c6 13. b3 cxd5 14. exd5 e4 15. Bb2 g5
16. Bxe4 gxh4 17. Qd3 f5 18. Bxf5 Bxf5 19. Qxf5 Nac4 20. bxc4 Nxc4 21. Qc2 Nxb2
22. Qxb2 Rc8 23. Rac1 Qa5 24. d6 Rxc3 25. d7 Rd8 26. Qxb7 h3 27. Rce1 Rd3 28.
Re8+ Bf8 29. Qe4 R3xd7 30. Qg4+ Rg7 31. Qe6+ Rf7 32. Rxd8 Qxd8 33. Qxh3 Qd5 34.
Qg4+ Rg7 35. Qa4 h5 36. Rd1 Qf3 37. Rd4 Rc7 38. Rd1 Rf7 39. Rd2 Qf5 40. Qc4 Bc5
41. Qe2 h4 42. Qe8+ Kh7 43. Qe1 Bb4 0-1

[Event "World Rapid 2017"]
[Site "Riyadh KSA"]
[Date "2017.12.27"]
[Round "9.58"]
[White "Al Jabri, Mohammed Ali"]
[Black "Dobrov, Vladimir"]
[Result "0-1"]
[BlackTitle "GM"]
[WhiteElo "2154"]
[BlackElo "2515"]
[WhiteFideId "7604734"]
[BlackFideId "4136594"]
[EventDate "2017.12.26"]

1. e4 c5 2. d4 cxd4 3. c3 Nf6 4. e5 Nd5 5. cxd4 d6 6. Nf3 Nc6 7. exd6 Qxd6 8.
Nc3 Bg4 9. Be2 e6 10. O-O Be7 11. h3 Bh5 12. a3 O-O 13. Nxd5 Qxd5 14. Be3 Rfd8
15. Qd2 Na5 16. Qd3 Nb3 17. Rad1 Rac8 18. Ne5 Bxe2 19. Qxe2 Bf6 20. f4 Qe4 21.
Qd3 Qxd3 22. Rxd3 Na5 23. Rc3 Rxc3 24. bxc3 Be7 25. Rb1 b6 26. a4 f6 27. Nd3 Rc8
28. Bd2 Nc4 29. Bc1 Nd6 30. Bb2 Kf7 31. Kf1 Nc4 32. Bc1 Nd6 33. Rb3 Ne4 34. a5
Bd8 35. a6 Nxc3 36. Ba3 Nd5 37. Rb2 Rc3 38. Bc5 Rxd3 39. Bd6 Rd1+ 40. Ke2 Ra1
41. Rc2 Rxa6 42. Rc8 Be7 0-1

[Event "World Rapid 2017"]
[Site "Riyadh KSA"]
[Date "2017.12.27"]
[Round "9.59"]
[White "Al Habeeb, Emad"]
[Black "Khader, Sami"]
[Result "0-1"]
[BlackTitle "IM"]
[WhiteElo "1933"]
[BlackElo "2392"]
[WhiteFideId "21500029"]
[BlackFideId "8100500"]
[EventDate "2017.12.26"]

1. d4 Nf6 2. c4 g6 3. Nf3 Bg7 4. g3 O-O 5. Bg2 d6 6. O-O Nc6 7. Nc3 Bg4 8. e4 e5
9. d5 Nd4 10. Be3 Re8 11. b4 a5 12. b5 Nd7 13. Re1 Nc5 14. h3 Nxf3+ 15. Bxf3
Bxh3 16. Kh2 Bc8 17. Rh1 Nd7 18. Kg2 h5 19. Qd2 b6 20. Rh2 Nf6 21. Bg5 Qe7 22.
Rah1 Qf8 23. Bxf6 Bxf6 24. Nd1 Qg7 25. Kf1 Be7 26. Be2 Rf8 27. Ne3 Bg5 28. Qd3
Bd7 29. Nf5 gxf5 30. Rxh5 fxe4 31. Qxe4 f5 32. Qg2 Be8 33. R5h2 e4 34. Bh5 Qa1+
35. Ke2 Qb2+ 36. Kf1 Qc1+ 37. Ke2 Bxh5+ 0-1

[Event "World Rapid 2017"]
[Site "Riyadh KSA"]
[Date "2017.12.27"]
[Round "9.60"]
[White "Amer, Said Salim Al Maashani"]
[Black "Al Ghamdi, Ahmed M"]
[Result "1-0"]
[WhiteTitle "FM"]
[BlackTitle "CM"]
[WhiteElo "2103"]
[BlackElo "2159"]
[WhiteFideId "22000100"]
[BlackFideId "21500150"]
[EventDate "2017.12.26"]

1. e4 e5 2. Nf3 Nc6 3. d4 exd4 4. Nxd4 Nf6 5. Nxc6 bxc6 6. e5 Qe7 7. Qe2 Nd5 8.
c4 Ba6 9. Nd2 g6 10. Nf3 Bg7 11. Bg5 Qb4+ 12. Qd2 Qxd2+ 13. Kxd2 Nb6 14. b3 O-O
15. Re1 Rfe8 16. Bd3 d5 17. exd6 cxd6 18. Bf4 Red8 19. h4 d5 20. c5 Nc4+ 21. Kc1
Bb2+ 22. Kc2 Ba3 23. bxc4 dxc4 24. Be4 Bxc5 25. Rd1 Bb5 26. Rxd8+ Rxd8 27. Be3
Bb4 28. Nd4 Ba4+ 29. Kb1 Rb8 30. Kc1 c3 31. Nc2 c5 32. a3 Bxc2 33. Kxc2 Bxa3 34.
Kxc3 a5 35. Rd1 Bb2+ 36. Kc2 a4 37. Bd5 a3 38. Ba2 Bf6 39. Rb1 Bb2 40. Bd2 Re8
41. Re1 Rc8 42. Bc3 Rb8 43. Rb1 Re8 44. Bd2 Re2 45. Rf1 Bd4 46. f3 Rxg2 47. Re1
Kf8 48. Re4 f5 49. Re6 Bf2 50. Bh6+ Kf7 51. Re2+ Kf6 52. Be3 Bxe3 53. Rxg2 Bd4
54. Kd3 Ke5 55. Bg8 Kf6 56. f4 Kg7 57. Ba2 Kf6 58. Re2 h6 59. Re6+ Kg7 60. Re7+
Kf8 61. Rf7+ Ke8 62. Rh7 Kf8 63. h5 g5 64. fxg5 hxg5 65. Rf7+ Kg8 66. Rxf5+ Kh7
67. Rxg5 Kh6 68. Rd5 Bf2 69. Ke4 Bd4 70. Kf3 Bg1 71. Kg4 Bd4 72. Rd6+ Kg7 73.
h6+ Kf8 74. Kf5 Bb2 75. Kg6 Ke7 76. Ra6 1-0

[Event "World Rapid 2017"]
[Site "Riyadh KSA"]
[Date "2017.12.27"]
[Round "9.61"]
[White "Al Saidi, Mohammed Khalfan"]
[Black "Masrahi, Abdulrahman A"]
[Result "1-0"]
[BlackTitle "CM"]
[WhiteElo "1468"]
[BlackElo "1962"]
[WhiteFideId "22001271"]
[BlackFideId "21501564"]
[EventDate "2017.12.26"]

1. d4 d5 2. c4 c6 3. Nf3 Nf6 4. Nc3 a6 5. Bg5 b5 6. c5 Bf5 7. Bxf6 exf6 8. b4
Be7 9. e3 O-O 10. Bd3 Bxd3 11. Qxd3 Nd7 12. O-O Qc7 13. a4 Ra7 14. Ra3 Rfa8 15.
Rfa1 g6 16. Nd2 f5 17. Nb3 Nf6 18. Na5 f4 19. exf4 Qxf4 20. Nxc6 Rc7 21. axb5 h5
22. Qg3 Qxg3 23. hxg3 1-0

[Event "World Rapid 2017"]
[Site "Riyadh KSA"]
[Date "2017.12.27"]
[Round "9.62"]
[White "Alem, Ali Hussien"]
[Black "Abdyjapar, Asyl"]
[Result "0-1"]
[BlackTitle "IM"]
[WhiteElo "1745"]
[BlackElo "2382"]
[WhiteFideId "21500088"]
[BlackFideId "13800337"]
[EventDate "2017.12.26"]

1. e4 c5 2. Nf3 d6 3. d4 cxd4 4. Nxd4 Nf6 5. Nc3 Nc6 6. Bb5 Bd7 7. Be3 e6 8. Qe2
Be7 9. O-O O-O 10. f4 Qc7 11. Rad1 Rfd8 12. f5 Nxd4 13. Bxd4 e5 14. Bf2 Bxb5 15.
Qxb5 Qc6 16. Qd3 Rac8 17. Bh4 Qb6+ 18. Kh1 Qxb2 19. Be1 Qb6 20. Rb1 Qc6 21. g4
d5 22. g5 Nxe4 23. Nxe4 dxe4 24. Qg3 e3+ 25. Kg1 e2 26. Rf3 Rd1 27. Rbb3 Bc5+
28. Kg2 e4 29. Rfc3 e3+ 30. Kh3 Qd5 31. Qg4 Rxe1 32. Rd3 Qc6 33. f6 Qe6 34. Rxb7
Qxg4+ 35. Kxg4 Rg1+ 36. Kf4 e1=Q 37. Rc7 Rxc7 0-1

[Event "World Rapid 2017"]
[Site "Riyadh KSA"]
[Date "2017.12.27"]
[Round "9.63"]
[White "Alanazy, Mohammed"]
[Black "Bukannan, Ahmed A"]
[Result "0-1"]
[WhiteElo "1850"]
[BlackElo "1929"]
[WhiteFideId "21508488"]
[BlackFideId "21504164"]
[EventDate "2017.12.26"]

1. e4 Nf6 2. e5 Nd5 3. c4 Nb6 4. d4 d6 5. exd6 cxd6 6. Nf3 g6 7. Bd3 Bg7 8. Be3
O-O 9. Nc3 Nc6 10. O-O Bg4 11. Be2 Bxf3 12. Bxf3 Nxc4 13. b3 Nxe3 14. fxe3 Qa5
15. Ne2 Rac8 16. a4 Bh6 17. Nf4 Bxf4 18. exf4 Qb6 19. Bxc6 Rxc6 20. Qd3 Qb4 21.
Rab1 e6 22. h4 Rc3 23. Qd2 a5 24. h5 gxh5 25. f5 Rg3 26. Qf4 Rg4 27. Qe3 Qxd4
28. Qxd4 Rxd4 29. fxe6 fxe6 30. Rfe1 e5 31. Rbc1 Rf7 32. Re3 Kf8 33. Rh3 h4 34.
Rc8+ Ke7 35. Ra8 Rd1+ 36. Kh2 Rff1 37. g4 hxg3+ 38. Kxg3 Rd3+ 39. Kg2 Rxh3 40.
Kxf1 Rxb3 41. Rxa5 Ke6 42. Ra8 Rb2 43. a5 e4 44. Rb8 Ra2 45. Rxb7 Rxa5 46. Rxh7
Ra2 47. Rh5 d5 48. Ke1 Kd6 49. Rh8 Kc5 50. Rc8+ Kd4 51. Rd8 e3 52. Rb8 Ke4 53.
Re8+ Kd3 54. Kf1 Ra1+ 55. Kg2 e2 0-1

[Event "World Rapid 2017"]
[Site "Riyadh KSA"]
[Date "2017.12.27"]
[Round "9.64"]
[White "Al Abdali, Zeyad Saleh"]
[Black "Miswadah, Baha"]
[Result "0-1"]
[WhiteElo "1801"]
[BlackElo "1877"]
[WhiteFideId "21501505"]
[BlackFideId "11502118"]
[EventDate "2017.12.26"]

1. d4 d5 2. Nf3 Nf6 3. Bf4 e6 4. c4 c5 5. cxd5 Nxd5 6. Bxb8 Rxb8 7. Qa4+ Bd7 8.
Qxa7 Nb4 9. Na3 Ra8 10. Qxb7 Bc6 11. Qxa8 Bxa8 12. e3 Bxf3 13. gxf3 Be7 14. Bb5+
Kf8 15. Rd1 cxd4 16. Rxd4 Qa5 17. O-O Nd5 18. Ra4 Qd8 19. Rd1 f5 20. e4 Bxa3 21.
Rxa3 Qg5+ 22. Kf1 fxe4 23. fxe4 Ne3+ 24. Rxe3 Qxb5+ 25. Kg2 Ke7 26. Rdd3 Rd8 27.
Rb3 Qa6 28. Ra3 Qb5 29. Rab3 Qh5 30. Rb7+ Rd7 31. Rbb3 Qg4+ 32. Rg3 Qxe4+ 33.
Kh3 g6 34. Rbe3 Qf5+ 35. Kg2 Qd5+ 36. Kh3 Qxa2 37. b4 Qxf2 38. Rgf3 Qb2 39. Rb3
Qe5 40. b5 Rd2 41. b6 Rxh2+ 42. Kg4 h5# 0-1

[Event "World Rapid 2017"]
[Site "Riyadh KSA"]
[Date "2017.12.27"]
[Round "9.65"]
[White "Al Zamel, Khaled"]
[Black "Salama, Taher"]
[Result "0-1"]
[WhiteElo "1942"]
[BlackElo "1769"]
[WhiteFideId "21500967"]
[BlackFideId "11502231"]
[EventDate "2017.12.26"]

1. e4 c5 2. d3 Nc6 3. Nd2 e6 4. Ngf3 d5 5. g3 Nf6 6. Bg2 Be7 7. O-O O-O 8. Re1
Re8 9. c3 b6 10. e5 Nd7 11. d4 f6 12. exf6 Nxf6 13. Nf1 Ne4 14. Bf4 Bf6 15. Ne5
Bb7 16. h4 Rc8 17. Nh2 Ne7 18. Nhg4 Nf5 19. Nxf6+ Nxf6 20. Bg5 cxd4 21. cxd4 Rc7
22. g4 Nd6 23. f3 h6 24. Bxf6 Qxf6 25. b3 Qxh4 26. Qd3 Qf6 27. Rac1 Rec8 28.
Rxc7 Rxc7 29. Re2 Rc1+ 30. Kf2 Ne4+ 31. Rxe4 dxe4 32. Qd2 Qh4+ 33. Ke3 Re1+ 34.
Kf4 Qd8 0-1

[Event "World Rapid 2017"]
[Site "Riyadh KSA"]
[Date "2017.12.27"]
[Round "9.66"]
[White "Al Mahmood, Salman"]
[Black "Al Bargi, Hassan M"]
[Result "1-0"]
[WhiteElo "1593"]
[BlackElo "1579"]
[WhiteFideId "11201517"]
[BlackFideId "21501475"]
[EventDate "2017.12.26"]

1. d4 Nf6 2. c4 g6 3. Nc3 Bg7 4. e4 d6 5. Nf3 O-O 6. Be2 Nbd7 7. O-O e5 8. d5
Nc5 9. Qc2 a5 10. h3 Ne8 11. Bg5 Qd7 12. Qd2 f5 13. Bh6 f4 14. Bxg7 Nxg7 15. Nh2
g5 16. Bg4 Qf7 17. f3 Bxg4 18. Nxg4 Qg6 19. Nb5 Rf7 20. Qc2 Nh5 21. a3 a4 22.
Rfe1 Nb3 23. Rad1 Nf6 24. Nc3 Nxg4 25. hxg4 h5 26. Nxa4 Nd4 27. Rxd4 exd4 28. c5
hxg4 29. cxd6 cxd6 30. Nb6 Raf8 31. Qd3 gxf3 32. gxf3 Rh7 33. Re2 Qh5 34. Rg2
Qh1+ 35. Kf2 Rh2 36. Qf1 Rxg2+ 37. Qxg2 Qxg2+ 38. Kxg2 d3 39. Kf2 Rf7 40. Ke1
Rc7 41. Kd2 Rc2+ 42. Kxd3 Rxb2 43. Nc4 Rb3+ 44. Ke2 b6 45. Nxd6 Rxa3 46. Nf5
Ra2+ 47. Kd3 b5 48. d6 Kf7 49. e5 Ke6 50. Nd4+ 1-0

[Event "World Rapid 2017"]
[Site "Riyadh KSA"]
[Date "2017.12.27"]
[Round "9.67"]
[White "Al Omary, Ahmed"]
[Black "Al Juhani, Bakr"]
[Result "1-0"]
[WhiteElo "1875"]
[BlackElo "1854"]
[WhiteFideId "21500207"]
[BlackFideId "21500185"]
[EventDate "2017.12.26"]

1. e4 e6 2. d4 d5 3. e5 c5 4. c3 Nc6 5. Nf3 Nge7 6. Bd3 a6 7. O-O b5 8. Bd2 Nf5
9. Bxf5 exf5 10. Bf4 Be7 11. Nbd2 O-O 12. dxc5 Bxc5 13. Nb3 Be7 14. Nbd4 Nxd4
15. Nxd4 Be6 16. Nb3 Rc8 17. Be3 Qc7 18. Bd4 f6 19. exf6 Bxf6 20. Re1 Rce8 21.
Nc5 Qc6 22. Qd3 Bxd4 23. cxd4 Bc8 24. f4 Qf6 25. Re5 Rxe5 26. fxe5 Qg6 27. Qf3
Qc6 28. Rc1 Be6 29. Qc3 f4 30. Nxe6 Qxe6 31. Qc6 Qxc6 32. Rxc6 f3 33. g3 f2+ 34.
Kf1 Rf3 1-0

[Event "World Rapid 2017"]
[Site "Riyadh KSA"]
[Date "2017.12.27"]
[Round "10.4"]
[White "Kuzubov, Yuriy"]
[Black "Korobov, Anton"]
[Result "1/2-1/2"]
[WhiteTitle "GM"]
[BlackTitle "GM"]
[WhiteElo "2699"]
[BlackElo "2652"]
[WhiteFideId "14112906"]
[BlackFideId "14105730"]
[EventDate "2017.12.26"]

1. Nf3 d5 2. g3 g6 3. d4 Bg7 4. c4 c6 5. Bg2 Nf6 6. O-O O-O 7. b3 Bf5 8. Bb2 a5
9. Nc3 Ne4 10. Rc1 Nxc3 11. Rxc3 Be4 12. cxd5 cxd5 13. Ne5 Bxg2 14. Kxg2 Nd7 15.
Nxd7 Qxd7 16. Qc2 Rfc8 17. Rc1 Rxc3 18. Qxc3 Bf6 19. Qc7 Qb5 20. Kf1 Qb4 21. Bc3
Qb5 22. Bd2 Bxd4 23. Qxe7 Re8 24. a4 Rxe7 25. axb5 Bb6 26. Ra1 Re6 27. Bxa5 Bxa5
28. Rxa5 Kf8 29. e3 Ke7 30. Ke2 d4 31. Ra7 Rb6 32. exd4 Rxb5 33. Ra3 Kd6 34. Kd3
Rb6 35. g4 f6 36. h4 h6 37. Kc3 Rc6+ 38. Kd2 Rb6 39. Kd3 Ke6 40. Kc3 Rc6+ 41.
Kd2 Rb6 42. f3 Kd6 43. Kc3 Rc6+ 44. Kd3 Rb6 45. f4 Ke6 46. Ke4 f5+ 47. gxf5+
gxf5+ 48. Kd3 h5 49. Kc3 Rc6+ 50. Kd2 Rb6 51. Kd3 Kd6 52. Ra5 Rxb3+ 53. Kc4 Rh3
54. Rd5+ Ke6 55. Re5+ Kf6 56. Rb5 Rxh4 57. Rb6+ Ke7 58. Rxb7+ Kd6 59. Rb6+ Kc7
60. Rh6 Rxf4 61. Kc5 Re4 62. d5 Kd7 63. Rxh5 f4 64. d6 Re1 65. Rh7+ Kd8 66. Rf7
Rf1 67. Kc6 Rc1+ 68. Kd5 Rf1 69. Ke4 1/2-1/2

[Event "World Rapid 2017"]
[Site "Riyadh KSA"]
[Date "2017.12.27"]
[Round "10.5"]
[White "Yu, Yangyi"]
[Black "Dreev, Aleksey"]
[Result "1-0"]
[WhiteTitle "GM"]
[BlackTitle "GM"]
[WhiteElo "2751"]
[BlackElo "2653"]
[WhiteFideId "8603820"]
[BlackFideId "4100107"]
[EventDate "2017.12.26"]

1. d4 d5 2. c4 c6 3. Nf3 Nf6 4. Nc3 e6 5. Bg5 Nbd7 6. e3 Qa5 7. cxd5 Nxd5 8. Rc1
Nxc3 9. bxc3 Ba3 10. Rc2 b6 11. Be2 Ba6 12. O-O Bxe2 13. Rxe2 O-O 14. Qc2 Rfe8
15. Rd1 Rac8 16. e4 c5 17. d5 exd5 18. Rxd5 Nf8 19. e5 b5 20. h4 c4 21. Nd4 Rc5
22. Qe4 a6 23. Rxc5 Bxc5 24. Qc6 Qxc3 25. Qxc5 Qd3 26. Re3 Qd1+ 27. Kh2 h6 28.
Bf4 Qg4 29. Bg3 Rc8 30. Qd5 c3 31. Nc6 Rc7 32. Rxc3 Rd7 33. Qf3 Qa4 34. e6 Nxe6
35. Ne5 Ra7 36. Rc8+ Nf8 37. Ng6 Ra8 1-0

[Event "World Rapid 2017"]
[Site "Riyadh KSA"]
[Date "2017.12.27"]
[Round "10.6"]
[White "Onischuk, Vladimir"]
[Black "Pantsulaia, Levan"]
[Result "0-1"]
[WhiteTitle "GM"]
[BlackTitle "GM"]
[WhiteElo "2637"]
[BlackElo "2612"]
[WhiteFideId "14114038"]
[BlackFideId "13602071"]
[EventDate "2017.12.26"]

1. e4 c6 2. d4 d5 3. e5 Bf5 4. h4 Qb6 5. Nc3 h5 6. Na4 Qa5+ 7. c3 e6 8. Nf3 Nd7
9. b4 Qc7 10. Bd3 Bg4 11. Bd2 Ne7 12. Qc2 Bxf3 13. gxf3 g6 14. Nb2 a5 15. b5 Bh6
16. Bxh6 Rxh6 17. Qd2 Rh8 18. c4 Kf8 19. Rc1 Kg7 20. cxd5 Nxd5 21. Nc4 Rhd8 22.
Nd6 Nf8 23. bxc6 bxc6 24. Bb5 Ne7 25. Qf4 Nd5 26. Rxc6 Qxd6 27. Qxf7+ Kxf7 28.
exd6 Rac8 29. Rxc8 Rxc8 30. Kd2 Rd8 31. Rc1 Rxd6 32. Rc8 Ne7 33. Ra8 Rxd4+ 34.
Ke2 Nd5 35. Ra7+ Kg8 36. Be8 a4 37. Bf7+ Kh8 38. Ra8 Rxh4 39. Kf1 Kg7 40. Ra7
Kh6 0-1

[Event "World Rapid 2017"]
[Site "Riyadh KSA"]
[Date "2017.12.27"]
[Round "10.7"]
[White "Quparadze, Giga"]
[Black "Rapport, Richard"]
[Result "1/2-1/2"]
[WhiteTitle "GM"]
[BlackTitle "GM"]
[WhiteElo "2506"]
[BlackElo "2707"]
[WhiteFideId "13602250"]
[BlackFideId "738590"]
[EventDate "2017.12.26"]

1. e4 c5 2. Nf3 e6 3. d4 cxd4 4. Nxd4 Nc6 5. Nb5 d6 6. c4 a6 7. N5c3 g6 8. Bf4
Nf6 9. Be2 e5 10. Be3 Be6 11. Nd5 Bxd5 12. exd5 Ne7 13. Nc3 Nf5 14. Bg5 Be7 15.
Bd3 Nd7 16. Bd2 Nd4 17. Be3 Nc5 18. Bb1 Qb6 19. Qd2 Qb4 20. b3 Qa5 21. Qb2 Qb4
22. Qd2 Bd8 23. Ne4 Ba5 24. Qxb4 Bxb4+ 25. Bd2 Bxd2+ 26. Kxd2 Kd7 27. Re1 b6 28.
f4 Ndxb3+ 29. axb3 Nxb3+ 30. Kc3 Nxa1 31. fxe5 dxe5 32. g4 f5 33. gxf5 gxf5 34.
Ng3 e4 35. Nxf5 Rac8 36. Bxe4 b5 37. Rxa1 Rxc4+ 38. Kd3 Re8 39. Ng3 Ra4 40. Rf1
Ra3+ 41. Kd4 Ra4+ 42. Kd3 Ra3+ 43. Kd4 Ra4+ 44. Kd3 Ra3+ 45. Kd2 Ra2+ 46. Kd3
Ra3+ 47. Kd2 Kd6 48. Rf6+ Ke5 49. Rf5+ Kd4 50. d6 Rxg3 51. d7 Rd8 52. hxg3 Kxe4
53. Rf7 h5 54. Kc3 Kd5 55. Kb4 Ke6 56. Rh7 Rxd7 57. Rh6+ Kf5 58. Rxh5+ Kg4 59.
Rh6 Rd4+ 60. Kb3 Ra4 61. Rh4+ 1/2-1/2

[Event "World Rapid 2017"]
[Site "Riyadh KSA"]
[Date "2017.12.27"]
[Round "10.9"]
[White "Harikrishna, Pentala"]
[Black "Mamedov, Rauf"]
[Result "0-1"]
[WhiteTitle "GM"]
[BlackTitle "GM"]
[WhiteElo "2744"]
[BlackElo "2709"]
[WhiteFideId "5007003"]
[BlackFideId "13401653"]
[EventDate "2017.12.26"]

1. d4 d5 2. c4 c6 3. Nc3 Nf6 4. e3 Bf5 5. cxd5 cxd5 6. Qb3 Nc6 7. Qxb7 Bd7 8.
Qb3 Rb8 9. Qd1 e5 10. Nf3 Bd6 11. dxe5 Nxe5 12. Be2 O-O 13. O-O Nxf3+ 14. Bxf3
Qc7 15. h3 Rfd8 16. Ne2 Bb5 17. Bd2 Ne4 18. Rc1 Qe7 19. Ba5 Qe5 20. Nf4 Bxf1 21.
Bxd8 Bc4 22. b3 Rxd8 23. bxc4 Nxf2 24. Kxf2 Bc5 25. Qd3 Qxf4 26. cxd5 Bb6 27.
Rc6 Qe5 28. Qc3 Qg5 29. Ke2 Qf5 30. g4 Qb1 31. a4 Qa2+ 32. Qc2 Qa3 33. Rc3 Qe7
34. Qe4 Qf6 35. Rc2 g6 36. Qf4 Qe7 37. Kf2 Re8 38. Kg2 Bxe3 39. Qc7 Qb4 40. Re2
Qb1 41. Qh2 Qd3 42. Qg3 Rc8 43. Qe1 Rc3 44. Qf1 Rc1 45. Re1 Qd2+ 46. Re2 Qc3 47.
Rxe3 Qxe3 48. Qf2 Qxf2+ 49. Kxf2 Rc4 50. Ke3 Rxa4 51. d6 Kf8 0-1

[Event "World Rapid 2017"]
[Site "Riyadh KSA"]
[Date "2017.12.27"]
[Round "10.10"]
[White "Kravtsiv, Martyn"]
[Black "Cheparinov, Ivan"]
[Result "1/2-1/2"]
[WhiteTitle "GM"]
[BlackTitle "GM"]
[WhiteElo "2672"]
[BlackElo "2710"]
[WhiteFideId "14113147"]
[BlackFideId "2905540"]
[EventDate "2017.12.26"]

1. e4 e5 2. Nf3 Nc6 3. Bc4 Bc5 4. O-O Nf6 5. d3 d6 6. c3 h6 7. b4 Bb6 8. Nbd2
O-O 9. Bb3 Ne7 10. Nc4 Ng6 11. Re1 Re8 12. h3 Be6 13. Bc2 c6 14. Nxb6 axb6 15.
a3 d5 16. Be3 b5 17. Qb1 Qc7 18. a4 bxa4 19. Rxa4 Rxa4 20. Bxa4 Ra8 21. Bc2 b6
22. d4 Nxe4 23. Bxe4 dxe4 24. Nxe5 Nxe5 25. dxe5 Qxe5 26. Bd4 Qd5 27. Qxe4 Ra1
28. Qe3 Rxe1+ 29. Qxe1 c5 1/2-1/2

[Event "World Rapid 2017"]
[Site "Riyadh KSA"]
[Date "2017.12.27"]
[Round "10.11"]
[White "Safarli, Eltaj"]
[Black "Esipenko, Andrey"]
[Result "1-0"]
[WhiteTitle "GM"]
[BlackTitle "FM"]
[WhiteElo "2639"]
[BlackElo "2564"]
[WhiteFideId "13402129"]
[BlackFideId "24175439"]
[EventDate "2017.12.26"]

1. e4 c6 2. Nf3 d5 3. exd5 cxd5 4. Ne5 Nf6 5. d4 Nc6 6. Bb5 Bd7 7. Nxd7 Qxd7 8.
c3 e6 9. O-O Bd6 10. Nd2 O-O 11. Re1 a6 12. Bd3 b5 13. Nf3 Qc7 14. Bg5 Nd7 15.
Qc2 h6 16. Be3 Nf6 17. h3 Rfc8 18. Qe2 Qb7 19. g4 b4 20. g5 hxg5 21. Bxg5 bxc3
22. bxc3 Na5 23. Bxf6 gxf6 24. Qd2 Kf8 25. Nh4 Ke8 26. Qh6 Rxc3 27. Nf5 Bf8 28.
Qh5 Qd7 29. Be2 Kd8 30. Qh8 Kc7 31. Rac1 Rc6 32. Ne3 Qd8 33. Qh7 Qd7 34. Ng4 Qe7
35. Rxc6+ Nxc6 36. Rc1 Rb8 37. Qc2 Rb6 38. a4 Qb4 39. Nxf6 Be7 40. Ng4 Kb7 41.
Ne5 Qd6 42. a5 Nxa5 43. Qc8+ Ka7 44. Bxa6 Bd8 45. Nxf7 Qf4 46. Nxd8 Qg5+ 47. Kf1
Nc4 48. Nc6+ Rxc6 49. Qb7# 1-0